My Body

Bibliographic Details
Format: Book

MARC

LEADER 00000cam a2200000 7i4500
001 0000009115
002 000009928
005 20000330.0
020 |a 0679941606 
090 0 0 |a J 612   |b WES 
245 1 0 |a My Body 
999 |a 048744   |b BUKU   |c PINJAMAN   |e PERPUSTAKAAN KOMUNITI PETALING JAYA